Characteristics of teachers (Record no. 1341598)

MARC details
000 -LEADER
fixed length control field 00524nam a2200181Ia 4500
005 - DATE AND TIME OF LATEST TRANSACTION
control field 20250508153248.0
008 - FIXED-LENGTH DATA ELEMENTS--GENERAL INFORMATION
fixed length control field 008 250505s9999 xx 000 0 eng d
037 ## - SOURCE OF ACQUISITION
Stock number Textual
040 ## - CATALOGING SOURCE
Original cataloging agency FEDL
Language of cataloging eng
Transcribing agency FEDL
041 ## - LANGUAGE CODE
Language code of text/sound track or separate title eng
Source of code eng
084 ## - COLON CLASSIFICATION NUMBER
Classification number 371.1473, RYA
Assigning agency FEDL
100 ## - MAIN ENTRY--PERSONAL NAME
Personal name Ryans David G
9 (RLIN) 139395
245 #0 - TITLE STATEMENT
Title Characteristics of teachers
260 ## - PUBLICATION, DISTRIBUTION, ETC.
Place of publication, distribution, etc. Washington, USA
Name of publisher, distributor, etc. American Council on Education
Date of publication, distribution, etc. 1962
300 ## - PHYSICAL DESCRIPTION
Extent xxiii,416p.
942 ## - ADDED ENTRY ELEMENTS (KOHA)
Koha item type Textual
Classification part 371.1473, RYA
Holdings
Withdrawn status Lost status Damaged status Not for loan Home library Current library Date acquired Total Checkouts Full call number Barcode Date last seen Price effective from Koha item type
        Department of Education Library Department of Education Library 2025-05-08   371.1473, RYA EL0024470 2025-05-08 2025-05-08 Textual
Copyright @ Delhi University Library System